Antonimy w tytułach piosenek #1 - Statystyki

Ogólne statystyki
  • Ten quiz został rozwiązany 10 razy
  • Średni wynik to 7 z 20
Statystyki odpowiedzi
Antonimy Tytuł piosenki % Poprawnych
Tomorrow Yesterday
90%
Good Girls Bad Boys
80%
Yes Man, Yes Laugh No Woman, No Cry
70%
Nobody to Hate Somebody to Love
70%
When a Woman Hates a Man When a Man Loves a Woman
50%
Small Mamma Big Poppa
40%
Mental Physical
40%
Died to be Tame Born to be Wild
30%
Do Start Doubtin' Don't Stop Believin'
30%
You Won't Die I Will Survive
30%
Bitter Adult O' Yours Sweet Child O' Mine
30%
The Fake Fat Sunny The Real Slim Shady
30%
They Aren't Old We Are Young
30%
Your Death Wouldn't Rule With Me My Life Would Suck Without You
20%
The Silence of Sounds The Sound of Silence
20%
Good Sun Setting Bad Moon Rising
10%
Dyin' la Muerte Cuerdo Livin' la Vida Loca
10%
Hate Mansion Love Shack
10%
False Grays True Colors
10%
Fixing Cube Wrecking Ball
10%
Nie znaleziono quizów pasujących do podanych kryteriów
Rozkład punktacji
Procent ludzi z każdym wynikiem
Percentyl według liczby udzielonych odpowiedzi
Twoja historia wyników
Nie rozwiązałeś tego quizu